| 000 | 00350 a2200157 4500 | ||
|---|---|---|---|
| 001 | 156967 | ||
| 020 | _a9788534946100 | ||
| 040 | _cEscola São Tomás de Aquino | ||
| 100 | _aSOARES, Salizete Freire | ||
| 240 | 1 | 0 |
_aA idade da poesia _lpor |
| 245 | 1 | 0 | _aA idade da poesia |
| 362 | 0 | _a2017 | |
| 440 | 1 | _aPaulus | |
| 697 | _aPoesia | ||
| 942 | _cBK | ||
| 999 |
_c156967 _d156967 |
||